إضاءة في طريق المعرفة / (Record no. 30944)

MARC details
000 -الفاتح
حقل البيانات ثابتة الطول 01041nam a22002537i 4500
003 - محدد رقم الضبط
رقم الضبط EG-ScBUE
005 - وقت وتاريخ اخر تعامل مع التسجيلة
رقم الضبط 20260512111934.0
008 - عناصر البيانات ثابتة الطول - معلومات عامة
حقل البيانات ثابتة الطول 220731s2025 xxxo fr 000 0aara d
040 ## - مصدر الفهرسة
وكالة الفهرسة الأصلية EG-ScBUE
لغة الفهرسة eng
قواعد الوصف rda
وكالة النسخ EG-ScBUE
وكالة التعديل EG-ScBUE
082 04 - رقم تصنيف ديوى العشرى
رقم التصنيف 539.7092
رقم المادة ح م ز
رقم الطبعة 22
100 1# - المدخل الرئيسى - إسم شخصى
الإسم الشخصى حمزة، أحمد أمين،
الدور مؤلف.
245 10 - بيان العنوان
العنوان إضاءة في طريق المعرفة /
بيان المسئوليه,etc الدكتور أحمد أمين حمزة.
264 #1 - النشر، التوزيع
مكان الناشر او الموزع [مكان النشر غير محدد] :
اسم الناشر او الموزع [الناشر غير محدد]،
تاريخ النشر أو التوزيع [2025]
300 ## - الوصف المادى
التعداد 127،33 صفحة :
تفاصيل ماديه اخرى للوعاء صور ؛
أبعاد الوعاء 24 سم
336 ## - نوع المحتوى
source rdacontent
Carrier Type Term نص
Content Type Code txt
337 ## - نوع الوسيط
source rdamedia
Media Type Term بدون وسيط
Media Type Code n
338 ## - نوع الحامل أو الناقل
source rdacarrier
Carrier Type Term مجلد
Carrier Type Code nc
500 ## - تبصرة عامة
تبصرة عامة يشتمل على قائمة بالمنشورات العلمية الخاصة بالمؤلف.
541 ## - تبصرة المصدر المباشر للتزويد
طريقة التزويد Donation ;
مصدر التزويد Prof. Ahmed Hamza.
600 17 - المدخل الاضافى بالموضوع-اسم شخصى
الإسم الشخصى حمزة، أحمد أمين
التقسيم الفرعي العام يوميات.
مصدر الرأس أو المصطلح BUEsh
650 #7 - المدخل الاضافى بالموضوع-مصطلح موضوعى
مصطلح موضوعي أو اسم جغرافي كعنصر مدخل الفيزيائيون المصريون
التقسيم الفرعي الشكلي تراجم.
مصدر الرأس أو المصطلح BUEsh
655 ## - مصطلح تكشيفى-نوع/شكل
التقسيم الفرعي الشكلي Reading book
942 ## - عناصر المدخل الإضافي( كوها)
مصدر التصنيف او مخطط الترفيف Dewey Decimal Classification
Holdings
حالة التراجع حالة الفقد مصدر التصنيف او خطة الترفيف حالة تلف ليس للاعارة مجموعات كوها المكان الدائم المكان الحالي موقع الترفيف تاريخ الاكتساب Source of acquisition رقم الاستدعاء الباركود Date last seen تبصرة غير عامة( المفوع للعناصر المفقوده) نوع الوعاء
    Dewey Decimal Classification     Donation-Gift Central Library Central Library First floor 14/04/2025 Donation 539.7092 ح م ز 000057301 14/04/2025 Donation Prof. Ahmed Hamza Book - Borrowing